A must Japanese for tourist : Spoken language of daily life

Uloženo v:
Podrobná bibliografie
Hlavní autor: Takahashi, Morio
Médium: Kniha
Jazyk:Undetermined
Vydáno: Tokyo Taiseido Shobo 1959
Témata:
Tagy: Přidat tag
Žádné tagy, Buďte první, kdo otaguje tento záznam!
Thư viện lưu trữ: Trung tâm Học liệu Trường Đại học Cần Thơ
LEADER 00538nam a2200193Ia 4500
001 CTU_104714
008 210402s9999 xx 000 0 und d
082 |a 413 
082 |b T136 
100 |a Takahashi, Morio 
245 2 |a A must Japanese for tourist : 
245 0 |b Spoken language of daily life 
245 0 |c Morio Takahashi 
260 |a Tokyo 
260 |b Taiseido Shobo 
260 |c 1959 
650 |a Japanese for tourists,Japanese language 
904 |i Nguyên 
980 |a Trung tâm Học liệu Trường Đại học Cần Thơ